000 00384nam a2200157Ia 4500
005 20250526025100.0
008 240331s9999 xx 000 0 und d
020 _a9552001021
082 _a303.4
_bTHI
100 _aThillakasena, A
245 0 _aSanskruthia kantharayak kara
260 _aColombo
_bS. Godake & Brothers
_c1987
300 _a68 p .,
650 _aCulture
942 _cL
999 _c1246
_d1246